000
00328nam a22000977a 4500
005
20250901165225.0
008
210223b ||||| |||| 00| 0 eng d
050
_a
QA 76.76 .O63 D57
245
_a
DISK OPEARATING SYSTEM VERSION 3.10 REFERENCE
_c
PERSONAL COMPUTER SOFTWARE
942
_2
lcc
_h
QA 76.76 .O63 D57 1993
999
_c
573
_d
573